00572nam a22001817a 450000500170000001000150001702000260003203500130005803700130007108200100008410000200009424500890011426000300020327000680023330000320030150000510033370000060038420140731111641.0 aENG-110061 a9789380607603c995.00 aEN-93594 bDBAD/PUB a954.2 aBhargava, Meena aState,society and ecology :cby Meena BhargavabGorakhpur in transition, 1750-1830 / aDelhibPrimus Booksc2014 aVirat Bhavan, Mukherjee Nagar Commercial ComplexbDelhie110009 axxv,223p. :bmapsc24cm(Hb) aIncludes bibliographical references and index a